00335nam a2200121Ia 4500003000400000008004100004020002600045040000800071100002600079245004100105260005200146300001500198LDD181101s9999 xx 000 0 und d a9789380104621c150.00 cLDD aNomani, Allama Shibli 0aShura-ul- ajamcAllama Shibli Nomani aAzamgarhbDarul Musannefin Shibli Academyc2016 a278p.;vol-